1000 QUES. &ANS. PREM KUMAR & CLARKS CLINICAL MEDICINE (Record no. 6728)
[ view plain ]
| 000 -LEADER | |
|---|---|
| fixed length control field | 00375nam a2200145Ia 4500 |
| 008 - FIXED-LENGTH DATA ELEMENTS--GENERAL INFORMATION | |
| fixed length control field | 150301s2013 xx 000 0 und d |
| 082 ## - DEWEY DECIMAL CLASSIFICATION NUMBER | |
| Classification number | 616.024 |
| Item number | Q13K |
| 100 ## - MAIN ENTRY--PERSONAL NAME | |
| Personal name | KUMAR PARVEEN |
| 245 ## - TITLE STATEMENT | |
| Title | 1000 QUES. &ANS. PREM KUMAR & CLARKS CLINICAL MEDICINE |
| 250 ## - EDITION STATEMENT | |
| Edition statement | 2ND |
| 260 ## - PUBLICATION, DISTRIBUTION, ETC. (IMPRINT) | |
| Name of publisher, distributor, etc. | SAUNDERS |
| Place of publication, distribution, etc. | INDIA |
| Date of publication, distribution, etc. | 2013 |
| 300 ## - PHYSICAL DESCRIPTION | |
| Extent | 313 |
| 650 ## - SUBJECT ADDED ENTRY--TOPICAL TERM | |
| Topical term or geographic name as entry element | GENERAL MEDICINE |
| 942 ## - ADDED ENTRY ELEMENTS (KOHA) | |
| Source of classification or shelving scheme | Dewey Decimal Classification |
| Koha item type | Books |
| Koha issues (borrowed), all copies | 2 |
| Withdrawn status | Lost status | Source of classification or shelving scheme | Damaged status | Not for loan | Collection code | Home library | Current library | Shelving location | Date acquired | Source of acquisition | Cost, normal purchase price | SGTU | Bill Number | Total Checkouts | Full call number | Barcode | Date last seen | Date last checked out | Bill Date | Koha item type |
|---|---|---|---|---|---|---|---|---|---|---|---|---|---|---|---|---|---|---|---|---|
| Dewey Decimal Classification | MEDICAL | SGT Medical Library | SGT Medical Library | Text Book | 02/07/2015 | ABC DELHI | 1120.00 | SGTU | 4996 | 1 | 616.024 Q13K | FM7151 | 30/03/2026 | 27/03/2026 | 06/11/2014 | Books | ||||
| Dewey Decimal Classification | MEDICAL | SGT Medical Library | SGT Medical Library | Text Book | 02/07/2015 | ABC DELHI | 1120.00 | SGTU | 4996 | 4 | 616.024 Q13K | FM7152 | 19/07/2025 | 19/07/2025 | 06/11/2014 | Books | ||||
| Dewey Decimal Classification | MEDICAL | SGT Medical Library | SGT Medical Library | Text Book | 02/07/2015 | ABC DELHI | 1120.00 | SGTU | 4996 | 616.024 Q13K | FM7153 | 02/07/2015 | 06/11/2014 | Books | ||||||
| Dewey Decimal Classification | MEDICAL | SGT Medical Library | SGT Medical Library | Text Book | 02/07/2015 | ABC DELHI | 1120.00 | SGTU | 4996 | 1 | 616.024 Q13K | FM7154 | 02/01/2021 | 03/12/2020 | 06/11/2014 | Books | ||||
| Dewey Decimal Classification | MEDICAL | SGT Medical Library | SGT Medical Library | Text Book | 02/07/2015 | ABC DELHI | 1120.00 | SGTU | 4996 | 2 | 616.024 Q13K | FM7155 | 30/01/2018 | 15/01/2018 | 06/11/2014 | Books |